[Event "III Open Costa Viola A"]
[Site "Sant'Eufemia d'Aspromonte ITA"]
[Date "2010.01.05"]
[Round "5"]
[White "Familari, Giuseppe"]
[Black "Palazzotto, Roberto"]
[Result "0-1"]
[WhiteElo "1863"]
[BlackElo "1927"]
[PlyCount "58"]
[EventDate "2010.01.02"]

1. e4 c5 2. c3 d5 3. exd5 Qxd5 4. d4 Nc6 5. Nf3 Bg4 6. Nbd2 cxd4 7. Bc4 Qh5 8.
O-O Nf6 9. Re1 e6 10. Qa4 Bd6 11. Bb5 O-O 12. h3 Bxf3 13. Nxf3 dxc3 14. bxc3
Ne7 15. Be3 Nfd5 16. Bd2 Ng6 17. Re4 Ngf4 18. g4 Qxh3 19. Bxf4 Nxc3 20. Bxd6
Nxa4 21. Ng5 Qh4 22. Bxf8 Qxg5 23. Bxa4 Kxf8 24. Rd1 f5 25. Red4 fxg4 26. Rd7
g3 27. f3 Qe3+ 28. Kg2 Qf2+ 29. Kh3 g2 0-1

[Event "III Open Costa Viola A"]
[Site "Sant'Eufemia d'Aspromonte ITA"]
[Date "2010.01.05"]
[Round "5"]
[White "Forlano, Luigi"]
[Black "Luvera', Filippo"]
[Result "1/2-1/2"]
[WhiteElo "2011"]
[BlackElo "1871"]
[PlyCount "50"]
[EventDate "2010.01.02"]

1. e4 c5 2. Nc3 Nc6 3. f4 e6 4. Nf3 d6 5. Bb5 Bd7 6. O-O Nf6 7. d3 Be7 8. f5
exf5 9. Nh4 fxe4 10. dxe4 O-O 11. Nf5 Bxf5 12. exf5 a6 13. Bxc6 bxc6 14. Qf3
Qb6 15. g4 h6 16. g5 hxg5 17. Bxg5 Rae8 18. Rae1 Bd8 19. h4 Rxe1 20. Rxe1 Qxb2
21. Rb1 Qxc2 22. Rc1 Qb2 23. Rb1 Qa3 24. h5 Nxh5 25. Rb3 Qa5 1/2-1/2

[Event "III Open Costa Viola A"]
[Site "Sant'Eufemia d'Aspromonte ITA"]
[Date "2010.01.05"]
[Round "5"]
[White "Gangemi, Salvatore"]
[Black "Piccoli, Vincenzo"]
[Result "1-0"]
[WhiteElo "2101"]
[BlackElo "2016"]
[PlyCount "99"]
[EventDate "2010.01.02"]

1. c4 b6 2. Nc3 Bb7 3. d4 e6 4. a3 Nf6 5. Bg5 h6 6. Bh4 Be7 7. e3 O-O 8. Nf3 c5
9. dxc5 bxc5 10. Be2 a6 11. O-O d6 12. Qc2 Nbd7 13. Rfd1 Qc7 14. Rd2 Bc6 15.
Rad1 Rfd8 16. Bg3 Nf8 17. h3 Rab8 18. e4 Ng6 19. Nh2 e5 20. Nf1 Qb7 21. Bf3 Nh7
22. Ne3 Ng5 23. Nf5 Ne6 24. Nxd6 Bxd6 25. Rxd6 Rxd6 26. Rxd6 Nd4 27. Qd2 Qc7
28. Rxd4 cxd4 29. Nd5 Bxd5 30. cxd5 Rc8 31. Kh2 Qc5 32. h4 Qe7 33. Kh3 Nf8 34.
Qa5 Qd6 35. Qd2 Nh7 36. Bg4 Rd8 37. f4 Nf6 38. fxe5 Nxe4 39. exd6 Nxd2 40. d7
Ne4 41. Bc7 Nf2+ 42. Kg3 Nxg4 43. Bxd8 Ne5 44. Bb6 Nxd7 45. Bxd4 f6 46. b4 Kf7
47. Kf3 g6 48. a4 Ke7 49. a5 Kf7 50. g4 {...} 1-0

[Event "III Open Costa Viola A"]
[Site "Sant'Eufemia d'Aspromonte ITA"]
[Date "2010.01.05"]
[Round "5"]
[White "Lazic, Miroljub"]
[Black "Collutiis, Duilio"]
[Result "1-0"]
[WhiteElo "2484"]
[BlackElo "2429"]
[PlyCount "99"]
[EventDate "2010.01.02"]

1. g3 e5 2. c4 d6 3. Bg2 Nc6 4. Nc3 Be6 5. d3 Qd7 6. Nd5 Nd8 7. d4 c6 8. Ne3
exd4 9. Qxd4 Nf6 10. Nf3 Bh3 11. Bxh3 Qxh3 12. b3 Ne6 13. Qh4 Qxh4 14. Nxh4
O-O-O 15. Bb2 Ne8 16. O-O-O Rg8 17. Nc2 Kc7 18. e4 Be7 19. Nf5 Bf6 20. Nfd4
Nxd4 21. Nxd4 g6 22. Rhe1 Bg7 23. f4 Rd7 24. e5 dxe5 25. fxe5 Kc8 26. e6 fxe6
27. Nxe6 Bxb2+ 28. Kxb2 Rxd1 29. Rxd1 Nc7 30. Ng5 Rf8 31. Kc3 h6 32. Ne4 Ne8
33. Nc5 Nf6 34. Re1 Nd7 35. Nd3 Kd8 36. Re6 Rf3 37. b4 a5 38. a3 axb4+ 39. axb4
Nf8 40. Re2 Nd7 41. Kd4 Rf6 42. Nf4 Nf8 43. Ra2 g5 44. Ra8+ Ke7 45. Nd3 Rd6+
46. Kc3 Ne6 47. Rb8 Rd7 48. Rh8 b5 49. Rxh6 bxc4 50. Rxe6+ 1-0

[Event "III Open Costa Viola A"]
[Site "Sant'Eufemia d'Aspromonte ITA"]
[Date "2010.01.05"]
[Round "5"]
[White "Maiorov, Nikita"]
[Black "Drasko, Milan"]
[Result "1-0"]
[WhiteElo "2509"]
[BlackElo "2537"]
[PlyCount "137"]
[EventDate "2010.01.02"]

1. d4 e6 2. c4 Nf6 3. Nc3 Bb4 4. Qc2 O-O 5. a3 Bxc3+ 6. Qxc3 b6 7. Nf3 Bb7 8.
e3 c5 9. Be2 d6 10. O-O Nbd7 11. b4 Rc8 12. Bb2 Qe7 13. Rac1 Rfd8 14. Rfd1 Nf8
15. Nd2 Ng6 16. dxc5 dxc5 17. f3 Qf8 18. Nb3 cxb4 19. Qxb4 Nd7 20. Kf2 a5 21.
Qxf8+ Kxf8 22. e4 Bc6 23. Bd4 Ba4 24. Rb1 Nf4 25. Bf1 e5 26. Be3 Ne6 27. Rd2
Ke7 28. Nc1 Nec5 29. Ne2 Bc6 30. Nc3 a4 31. Rb4 Na6 32. Rbb2 Nac5 33. Nd5+ Bxd5
34. cxd5 Nb3 35. Rdc2 f5 36. exf5 Nd4 37. Bxd4 exd4 38. Rd2 Rc3 39. Ra2 Nf6 40.
Rxd4 Rxd5 41. Rxa4 Rxf5 42. Ra7+ Kf8 43. Rb2 Ra5 44. Rxa5 bxa5 45. a4 Ra3 46.
Rb8+ Kf7 47. Bb5 Ra2+ 48. Kg3 Kg6 49. Kh3 Nd5 50. g3 Ra3 51. Be8+ Kf6 52. Rb5
Nc7 53. Rb6+ Ke7 54. Bc6 h6 55. Kg4 Kd6 56. Bb5+ Ke7 57. Rb7 Kd6 58. Ra7 h5+
59. Kxh5 Rxf3 60. Rxa5 Rf2 61. h4 Rg2 62. Kg4 Rd2 63. Bf1 Rf2 64. Bc4 Ne8 65.
Rd5+ Ke7 66. Re5+ Kf8 67. a5 Nf6+ 68. Kh3 Rc2 69. Be2 1-0

[Event "III Open Costa Viola A"]
[Site "Sant'Eufemia d'Aspromonte ITA"]
[Date "2010.01.05"]
[Round "5"]
[White "Rotunno, Giuseppe"]
[Black "Tricomi, Massimo"]
[Result "1-0"]
[WhiteElo "2069"]
[BlackElo "1917"]
[PlyCount "95"]
[EventDate "2010.01.02"]

1. d4 d6 2. Nf3 g6 3. b3 Bg7 4. Bb2 Nf6 5. e3 O-O 6. Be2 c6 7. O-O Nbd7 8. c4
a6 9. Nbd2 b5 10. a4 bxa4 11. bxa4 Rb8 12. Qc2 c5 13. a5 Bb7 14. Rfb1 Bxf3 15.
Nxf3 Qc7 16. Ne1 cxd4 17. exd4 Qa7 18. Qd1 Rfc8 19. Nc2 Rc7 20. Ne3 Rcb7 21.
Qc2 Ne8 22. Bf3 Rxb2 23. Rxb2 Rxb2 24. Qxb2 Bxd4 25. Qb1 Bxa1 26. Qxa1 Ne5 27.
Be2 Nc7 28. Qb1 Nd7 29. Qe4 Ne5 30. Qh4 f6 31. Ng4 Nxg4 32. Qxg4 f5 33. Qg5 Ne6
34. Qd2 Qd4 35. Qb4 Nf4 36. Bf1 Qe4 37. Qb8+ Kg7 38. Qb2+ Kf7 39. Qh8 h5 40.
Qb2 Ne6 41. Qd2 Qd4 42. Qb4 Qc5 43. Qd2 Nd4 44. Qh6 Nc6 45. Qh7+ Kf6 46. Qh8+
Kg5 47. g3 Qe5 48. f4+ 1-0

[Event "III Open Costa Viola A"]
[Site "Sant'Eufemia d'Aspromonte ITA"]
[Date "2010.01.05"]
[Round "5"]
[White "Salvador, Roland"]
[Black "Sanchez, Joseph"]
[Result "1/2-1/2"]
[WhiteElo "2472"]
[BlackElo "2490"]
[PlyCount "34"]
[EventDate "2010.01.02"]

1. e4 e5 2. Nf3 Nc6 3. Bb5 a6 4. Ba4 Nf6 5. O-O b5 6. Bb3 Be7 7. Re1 d6 8. h3
O-O 9. c3 Re8 10. d4 Bf8 11. d5 Na5 12. Bc2 h6 13. Nbd2 Bd7 14. Nb3 Nc4 15.
Nbd2 Na5 16. Nb3 Nc4 17. Nbd2 Na5 1/2-1/2

[Event "III Open Costa Viola A"]
[Site "Sant'Eufemia d'Aspromonte ITA"]
[Date "2010.01.05"]
[Round "5"]
[White "Seletsky, Grigory"]
[Black "Gromovs, Sergejs"]
[Result "0-1"]
[WhiteElo "2345"]
[BlackElo "2334"]
[PlyCount "94"]
[EventDate "2010.01.02"]

1. e4 c5 2. b4 b6 3. bxc5 bxc5 4. Nc3 g6 5. Bc4 Nc6 6. Rb1 Bg7 7. Nf3 d6 8. O-O
Bd7 9. Re1 Rb8 10. Bb2 Nh6 11. h3 O-O 12. Qc1 e6 13. Nb5 d5 14. Bf1 dxe4 15.
Rxe4 Nf5 16. Bxg7 Kxg7 17. Re1 f6 18. c4 e5 19. d3 a6 20. Nc3 Ncd4 21. Nxd4
Nxd4 22. Ne2 Nc6 23. Rxb8 Qxb8 24. Qb1 Qc7 25. Qb3 Rb8 26. Qa3 Nb4 27. Rc1 Rd8
28. Ng3 Bc6 29. Ne4 Bxe4 30. dxe4 Rd2 31. Qc3 Qd6 32. Ra1 Nxa2 33. Qe3 Nb4 34.
Ra5 Rd4 35. f3 Qb6 36. Ra4 Rd6 37. h4 Nc2 38. Qf2 Nd4 39. h5 g5 40. Kh2 Kh6 41.
Ra1 a5 42. g4 Nxf3+ 43. Qxf3 Qb2+ 44. Bg2 Qxa1 45. Qf5 Qc1 46. Qc8 Qf4+ 47. Kh3
Rd3+ 0-1

[Event "III Open Costa Viola A"]
[Site "Sant'Eufemia d'Aspromonte ITA"]
[Date "2010.01.05"]
[Round "5"]
[White "Stromboli, Carlo"]
[Black "Santagati, Alessandro"]
[Result "1-0"]
[WhiteElo "2276"]
[BlackElo "2167"]
[PlyCount "137"]
[EventDate "2010.01.02"]

1. e4 Nc6 2. d4 d5 3. Nc3 e6 4. e5 Nge7 5. f4 Nf5 6. Nce2 h5 7. g3 Bb4+ 8. c3
Ba5 9. Nf3 Bd7 10. Bd2 Nce7 11. Bh3 Rc8 12. a4 a6 13. b4 Bb6 14. Nc1 a5 15. Nb3
Ra8 16. b5 c6 17. Bf1 Qc7 18. Be2 c5 19. Rc1 c4 20. Na1 g6 21. Kf2 Kd8 22. Nc2
Kc8 23. h3 h4 24. g4 Ng3 25. Rg1 Kb8 26. Ne3 Ka7 27. Rxg3 hxg3+ 28. Kxg3 Raf8
29. Qg1 Qd8 30. Ra1 Qc7 31. Bc1 f6 32. Ba3 Be8 33. Ng2 g5 34. Qe3 gxf4+ 35.
Nxf4 fxe5 36. Qxe5 Rxf4 37. Bd6 Rxf3+ 38. Bxf3 Qd7 39. Bb8+ Ka8 40. Qxh8 Kxb8
41. Re1 Ka7 42. Kf2 Ng6 43. Qf6 Bf7 44. Kf1 Bd8 45. Qg7 Bh4 46. Rb1 b6 47. Bd1
Qc7 48. Bf3 Qf4 49. Ke2 Bg5 50. Rb2 Qe3+ 51. Kf1 Qc1+ 52. Bd1 Qxd1+ 53. Kf2
Bh4+ 54. Kg2 Nf4+ 55. Kh2 Qf3 56. Qxf7+ Kb8 57. Qg8+ Kc7 58. Qh7+ Kc8 59. Qxh4
Qxc3 60. Qh8+ Kd7 61. Qg7+ Ke8 62. Qh8+ Ke7 63. Rf2 Qe3 64. Qg7+ Ke8 65. Qg8+
Ke7 66. Qg5+ Kd7 67. Qxf4 Qxf4+ 68. Rxf4 e5 69. Rf5 1-0

[Event "III Open Costa Viola A"]
[Site "Sant'Eufemia d'Aspromonte ITA"]
[Date "2010.01.05"]
[Round "6"]
[White "Collutiis, Duilio"]
[Black "Salvador, Roland"]
[Result "1/2-1/2"]
[WhiteElo "2429"]
[BlackElo "2472"]
[PlyCount "58"]
[EventDate "2010.01.02"]

1. e4 c5 2. Nf3 Nc6 3. Bb5 Nf6 4. Bxc6 dxc6 5. d3 Nd7 6. Bf4 g6 7. Qc1 Bg7 8.
Bh6 Qa5+ 9. c3 Ne5 10. Nxe5 Bxe5 11. Nd2 Be6 12. O-O f6 13. Be3 Rd8 14. Nc4
Bxc4 15. dxc4 O-O 16. Qc2 Rd7 17. a4 Rfd8 18. Rad1 a6 19. Rxd7 Rxd7 20. Rd1
Rxd1+ 21. Qxd1 Bd6 22. g3 Kg7 23. Kg2 b5 24. axb5 cxb5 25. Qd5 b4 26. cxb4 Qxb4
27. h4 h5 28. b3 a5 29. Qd3 a4 1/2-1/2

[Event "III Open Costa Viola A"]
[Site "Sant'Eufemia d'Aspromonte ITA"]
[Date "2010.01.05"]
[Round "6"]
[White "Drasko, Milan"]
[Black "Stromboli, Carlo"]
[Result "1-0"]
[WhiteElo "2537"]
[BlackElo "2276"]
[PlyCount "93"]
[EventDate "2010.01.02"]

1. Nf3 c5 2. g3 Nc6 3. Bg2 g6 4. c4 Bg7 5. Nc3 Nf6 6. d4 cxd4 7. Nxd4 O-O 8.
O-O Qb6 9. Nc2 d6 10. b3 Qa5 11. Bd2 Qh5 12. e4 Bg4 13. f3 Bh3 14. Rc1 Bxg2 15.
Kxg2 Nd7 16. Nd5 Rac8 17. b4 Rfe8 18. Nce3 Bd4 19. Ng4 Be5 20. Be3 e6 21. Nf4
Bxf4 22. Bxf4 f5 23. exf5 gxf5 24. Nh6+ Kg7 25. b5 Ncb8 26. g4 Qg6 27. Kh1 e5
28. Nxf5+ Kh8 29. Be3 Nc5 30. Qxd6 Re6 31. Qd2 Nbd7 32. Rcd1 b6 33. Rg1 Rce8
34. Rg3 Nf6 35. Qe2 Nh5 36. gxh5 Qxf5 37. h6 Rg6 38. Rxg6 Qxg6 39. Bxc5 bxc5
40. Qe4 Qe6 41. Qb7 Re7 42. Qc6 Qf5 43. Qe4 Qe6 44. Kg2 Rf7 45. Re1 Re7 46. h3
Rf7 47. Qxe5+ 1-0

[Event "III Open Costa Viola A"]
[Site "Sant'Eufemia d'Aspromonte ITA"]
[Date "2010.01.05"]
[Round "6"]
[White "Gad, Ahmad"]
[Black "Cordi', Domenico"]
[Result "0-1"]
[WhiteElo "1971"]
[BlackElo "2072"]
[PlyCount "76"]
[EventDate "2010.01.02"]

1. e4 Nf6 2. e5 Nd5 3. d4 d6 4. Nf3 Bg4 5. Be2 e6 6. O-O Be7 7. c4 Nb6 8. Nc3
O-O 9. Bf4 a6 10. b3 dxe5 11. dxe5 Nc6 12. Qc1 Nd7 13. Re1 Qc8 14. a3 Nc5 15.
Rb1 Bxf3 16. gxf3 Nd4 17. b4 Nxe2+ 18. Rxe2 Nd3 19. Qe3 Nxf4 20. Qxf4 a5 21.
Rd2 axb4 22. axb4 Rd8 23. b5 Rxd2 24. Qxd2 Qd8 25. Qxd8+ Rxd8 26. Ra1 Bc5 27.
f4 Rd4 28. Ra8+ Bf8 29. Ra7 Rxc4 30. Ne2 b6 31. Kg2 h6 32. Ra8 g5 33. Ng3 Rxf4
34. Nh5 Rb4 35. Nf6+ Kg7 36. Ne8+ Kg6 37. Nxc7 Bc5 38. Rd8 Rb2 0-1

[Event "III Open Costa Viola A"]
[Site "Sant'Eufemia d'Aspromonte ITA"]
[Date "2010.01.05"]
[Round "6"]
[White "Gangemi, Salvatore"]
[Black "Efimov, Igor"]
[Result "0-1"]
[WhiteElo "2101"]
[BlackElo "2462"]
[PlyCount "74"]
[EventDate "2010.01.02"]

1. c4 Nf6 2. Nf3 e6 3. Nc3 c5 4. d4 cxd4 5. Nxd4 Bb4 6. Qc2 O-O 7. a3 Bc5 8.
Nf3 b6 9. e3 Bb7 10. Be2 Nc6 11. b4 Be7 12. O-O Rc8 13. Qb3 a5 14. b5 Nb8 15.
Bb2 d6 16. Rfd1 Nbd7 17. Na4 Ne4 18. Nd2 Nec5 19. Nxc5 Nxc5 20. Qa2 e5 21. a4
Qe8 22. Nb3 Ne6 23. Ba3 Rd8 24. Rac1 f5 25. c5 Qg6 26. c6 Bc8 27. Nxa5 bxa5 28.
b6 f4 29. exf4 Kh8 30. Rd3 Nxf4 31. Rg3 Qe4 32. Bf3 Qxa4 33. c7 Be6 34. Qa1
Rde8 35. b7 h5 36. Bd1 Qe4 37. Qb1 Qe1# 0-1

[Event "III Open Costa Viola A"]
[Site "Sant'Eufemia d'Aspromonte ITA"]
[Date "2010.01.05"]
[Round "6"]
[White "Gromovs, Sergejs"]
[Black "Lazic, Miroljub"]
[Result "0-1"]
[WhiteElo "2334"]
[BlackElo "2484"]
[PlyCount "84"]
[EventDate "2010.01.02"]

1. d4 d5 2. c4 dxc4 3. Nf3 Nf6 4. Nc3 a6 5. a4 Nc6 6. e4 Bg4 7. e5 Nd7 8. Bxc4
e6 9. Be2 Nb6 10. O-O Be7 11. Be3 O-O 12. h3 Bh5 13. Ne4 Nd5 14. Rc1 Ncb4 15.
Qd2 Bg6 16. Ng3 Nxe3 17. fxe3 c5 18. Rc3 Rc8 19. Bc4 cxd4 20. exd4 Rc7 21. Bb3
Rd7 22. Qf4 Nc6 23. d5 exd5 24. h4 Qb6+ 25. Kh2 d4 26. Rxc6 Qxb3 27. Qg4 Rfd8
28. Rc8 Qe6 29. Rxd8+ Rxd8 30. Qf4 h5 31. Nxd4 Qd5 32. Ndf5 Re8 33. Re1 Bd8 34.
Nd6 Re6 35. Rc1 Rxe5 36. Nxb7 Bf6 37. Nc5 Re2 38. Qf1 Rxb2 39. a5 Be5 40. Kh3
Bxg3 41. Kxg3 Qe5+ 42. Kf3 Bf5 0-1

[Event "III Open Costa Viola A"]
[Site "Sant'Eufemia d'Aspromonte ITA"]
[Date "2010.01.05"]
[Round "6"]
[White "Luvera', Filippo"]
[Black "Tricomi, Massimo"]
[Result "1-0"]
[WhiteElo "1871"]
[BlackElo "1917"]
[PlyCount "91"]
[EventDate "2010.01.02"]

1. e4 Nc6 2. Nf3 Nf6 3. e5 Ng4 4. d4 d6 5. h3 Nh6 6. Bb5 a6 7. Bxc6+ bxc6 8.
O-O g6 9. Re1 Bg7 10. exd6 cxd6 11. Qe2 e6 12. c3 O-O 13. Nbd2 Bb7 14. Ne4 Nf5
15. Bg5 f6 16. Bc1 Qc7 17. Ng3 Nxg3 18. Qxe6+ Qf7 19. fxg3 Rfe8 20. Qxf7+ Kxf7
21. Rxe8 Rxe8 22. Kf2 c5 23. dxc5 dxc5 24. Be3 Rc8 25. Rd1 Rc7 26. Bxc5 Bxf3
27. gxf3 Rxc5 28. Rd7+ Kg8 29. Ke3 f5 30. Kd3 Rb5 31. b3 Rc5 32. c4 a5 33. Rd5
Rxd5+ 34. cxd5 Kf7 35. Kc4 Ke7 36. a3 Kd6 37. b4 axb4 38. axb4 Bb2 39. b5 Ba3
40. b6 Bc5 41. b7 Ba7 42. g4 f4 43. g5 Kc7 44. h4 Bb6 45. Kb5 Kd6 46. b8=Q+ 1-0

[Event "III Open Costa Viola A"]
[Site "Sant'Eufemia d'Aspromonte ITA"]
[Date "2010.01.05"]
[Round "6"]
[White "Palazzotto, Roberto"]
[Black "Della Corte, Alessandro"]
[Result "0-1"]
[WhiteElo "1927"]
[BlackElo "2229"]
[PlyCount "56"]
[EventDate "2010.01.02"]

1. e4 c5 2. Nf3 d6 3. d4 cxd4 4. Nxd4 Nf6 5. Nc3 a6 6. Be3 e5 7. Nb3 Be6 8. f3
h5 9. Qd2 Nbd7 10. O-O-O Qc7 11. Be2 b5 12. f4 Rc8 13. Kb1 Be7 14. Bf3 Nb6 15.
Qf2 Nc4 16. Bc1 b4 17. Nd5 Nxd5 18. exd5 Bf5 19. Na1 Bf6 20. Rhe1 O-O 21. Be4
Bxe4 22. Rxe4 exf4 23. Rxf4 Be5 24. Rf5 g6 25. Rg5 Qe7 26. Re1 Qf6 27. Qe2 Bxb2
28. Rf1 Na3# 0-1

[Event "III Open Costa Viola A"]
[Site "Sant'Eufemia d'Aspromonte ITA"]
[Date "2010.01.05"]
[Round "6"]
[White "Piccoli, Vincenzo"]
[Black "Familari, Giuseppe"]
[Result "0-1"]
[WhiteElo "2016"]
[BlackElo "1863"]
[PlyCount "116"]
[EventDate "2010.01.02"]

1. e4 e6 2. Nf3 d5 3. Nc3 Nf6 4. e5 Nfd7 5. d4 c5 6. dxc5 Nc6 7. Bf4 Bxc5 8.
Bd3 a6 9. O-O f6 10. exf6 Nxf6 11. Ne5 Nxe5 12. Bxe5 O-O 13. Qe2 b5 14. Rae1
Ra7 15. Nb1 Raf7 16. Bg3 e5 17. Qxe5 Ng4 18. Qh5 g6 19. Bxg6 hxg6 20. Qxg6+ Rg7
21. Qc6 Ba7 22. h3 Ne3 23. fxe3 Rxf1+ 24. Rxf1 Rxg3 25. Rf6 Bxe3+ 26. Kh2 Rg7
27. Nc3 Bd4 28. Rg6 Bxc3 29. bxc3 Qd7 30. Qxd7 Bxd7 31. Rxa6 Bf5 32. Rb6 Be4
33. g4 Rc7 34. Rxb5 Rxc3 35. h4 Rxc2+ 36. Kg3 Rxa2 37. Kf4 Rf2+ 38. Ke5 Rh2 39.
h5 Kg7 40. Kf4 Rf2+ 41. Kg5 Rf7 42. Rb6 Rd7 43. Kf4 Bg2 44. Kg3 Bh1 45. g5 d4
46. Rb1 Be4 47. Rd1 Bc2 48. Rd2 d3 49. Kf4 Rd5 50. Kg4 Re5 51. Rf2 Re2 52. h6+
Kg8 53. Rf6 d2 54. g6 Rg2+ 55. Kf3 d1=Q+ 56. Kxg2 Be4+ 57. Kg3 Qg1+ 58. Kf4
Bxg6 0-1

[Event "III Open Costa Viola A"]
[Site "Sant'Eufemia d'Aspromonte ITA"]
[Date "2010.01.05"]
[Round "6"]
[White "Sabia, Corrado"]
[Black "Serratore, Vincenzo"]
[Result "1-0"]
[WhiteElo "2176"]
[BlackElo "1891"]
[PlyCount "89"]
[EventDate "2010.01.02"]

1. g3 Nf6 2. Bg2 g6 3. c4 c5 4. Nf3 Bg7 5. O-O O-O 6. Nc3 Nc6 7. d4 cxd4 8.
Nxd4 Nxd4 9. Qxd4 Qc7 10. Qd3 d6 11. e4 Be6 12. b3 a6 13. Bb2 Rac8 14. Rac1 Qd7
15. Rfd1 Ng4 16. Qe2 Ne5 17. Nd5 Bxd5 18. exd5 f6 19. f4 Nf7 20. b4 Rc7 21. Bd4
Re8 22. Re1 f5 23. Bb6 Rcc8 24. Qc2 Kh8 25. Qb3 Bf6 26. Bf2 Kg7 27. c5 Nd8 28.
Red1 h6 29. Bf1 Ra8 30. Bg2 Rc8 31. Bf3 h5 32. h3 Rh8 33. Rc2 Nf7 34. Rdc1 g5
35. c6 Qc7 36. Qd3 g4 37. Bg2 Kg6 38. a4 Nh6 39. h4 Nf7 40. a5 Ne5 41. fxe5
dxe5 42. Bb6 e4 43. Bxe4 Qe5 44. Bg2 bxc6 45. dxc6 1-0

[Event "III Open Costa Viola A"]
[Site "Sant'Eufemia d'Aspromonte ITA"]
[Date "2010.01.05"]
[Round "6"]
[White "Sanchez, Joseph"]
[Black "Maiorov, Nikita"]
[Result "1/2-1/2"]
[WhiteElo "2490"]
[BlackElo "2509"]
[PlyCount "132"]
[EventDate "2010.01.02"]

1. e4 e5 2. Nf3 Nc6 3. Nc3 Nf6 4. d4 exd4 5. Nxd4 Bb4 6. Nxc6 bxc6 7. Bd3 d5 8.
exd5 cxd5 9. O-O O-O 10. Bg5 c6 11. Na4 h6 12. Bh4 Re8 13. c4 Bd6 14. Rc1 Bf4
15. Rc2 Bg4 16. f3 Be6 17. Bf2 Qb8 18. g3 Bd6 19. b3 h5 20. cxd5 cxd5 21. Nc5
Bh3 22. Re1 Qb4 23. Rxe8+ Rxe8 24. Qd2 Qb8 25. Bf1 Bf5 26. Rc1 h4 27. Na6 Qd8
28. Qd4 hxg3 29. hxg3 Re7 30. Re1 Rb7 31. b4 Bf8 32. a4 Bc2 33. a5 Ba4 34. Nc5
Bxc5 35. Qxc5 Rc7 36. Qd4 Qd7 37. Qf4 Rc8 38. Bc5 Bb5 39. Re7 Qc6 40. Bh3 Rd8
41. Rc7 Qe8 42. Be7 Ra8 43. Kf2 Nd7 44. Qd6 Nf8 45. Bf5 a6 46. Qxd5 g6 47. Bg4
Rb8 48. f4 Bd7 49. Bxf8 Bxg4 50. Be7 Rc8 51. Rxc8 Qxc8 52. Bc5 Qe6 53. Qxe6
Bxe6 54. b5 axb5 55. Ke3 Kh7 56. Kd4 Bh3 57. a6 f5 58. Be7 Kg8 59. Kc5 Kf7 60.
Bg5 Ke6 61. a7 Bg2 62. Kxb5 Kd6 63. Kb6 Ba8 64. Bf6 Kd7 65. Be5 Be4 66. Bb8 Ba8
1/2-1/2

[Event "III Open Costa Viola A"]
[Site "Sant'Eufemia d'Aspromonte ITA"]
[Date "2010.01.05"]
[Round "6"]
[White "Santagati, Alessandro"]
[Black "Seletsky, Grigory"]
[Result "1-0"]
[WhiteElo "2167"]
[BlackElo "2345"]
[PlyCount "119"]
[EventDate "2010.01.02"]

1. d4 c5 2. e3 cxd4 3. exd4 d5 4. Nf3 Nc6 5. c3 Bg4 6. h3 Bxf3 7. Qxf3 e6 8.
Bd3 Nf6 9. O-O h6 10. Bf4 Bd6 11. Bxd6 Qxd6 12. Na3 a6 13. Nc2 O-O 14. Ne3 b5
15. a3 Rfb8 16. Ng4 Nxg4 17. hxg4 Qd8 18. Qe2 Rb6 19. f4 Qf6 20. g3 a5 21. Kg2
Rab8 22. b4 a4 23. Rh1 Kf8 24. g5 hxg5 25. fxg5 Qxg5 26. Rh5 Qf6 27. Rf1 Nxd4
28. cxd4 Qxd4 29. Rh4 Qc3 30. Qe3 R8b7 31. Rh8+ Ke7 32. Rxf7+ Kxf7 33. Bg6+
Kxg6 34. Qxc3 Rb8 35. Qc2+ Kf6 36. Qf2+ Kg6 37. Rxb8 Rxb8 38. Qa7 Rc8 39. Qd7
Rc2+ 40. Kh3 Kf5 41. Qxb5 Ke4 42. Qxa4 Rb2 43. b5+ d4 44. Kg4 e5 45. Qa8+ Ke3
46. Qf3+ Kd2 47. Qf2+ Kc3 48. Qxb2+ Kxb2 49. b6 d3 50. b7 d2 51. b8=Q+ Kc2 52.
Qc7+ Kb3 53. Qd6 Kc2 54. Qc5+ Kb3 55. Qd5+ Kc2 56. Qc4+ Kb2 57. Qd3 Kc1 58.
Qc3+ Kd1 59. Kf3 e4+ 60. Ke3 1-0

[Event "III Open Costa Viola A"]
[Site "Sant'Eufemia d'Aspromonte ITA"]
[Date "2010.01.05"]
[Round "6"]
[White "Scalise, Sandro"]
[Black "Blasco, Domenico"]
[Result "1/2-1/2"]
[WhiteElo "1826"]
[BlackElo "1987"]
[PlyCount "62"]
[EventDate "2010.01.02"]

1. d4 g6 2. Nf3 Bg7 3. Bf4 Nf6 4. c3 d6 5. h3 Nbd7 6. e3 O-O 7. Be2 Re8 8. Bh2
c6 9. Nbd2 b6 10. a4 Bb7 11. b4 e5 12. Nc4 Qc7 13. Qb3 Nd5 14. Rd1 b5 15. axb5
cxb5 16. Na5 a6 17. Nxb7 Qxb7 18. dxe5 N7b6 19. e4 Nxc3 20. Qxc3 Qxe4 21. Rd4
Qb1+ 22. Rd1 Qe4 23. Ng5 Qf5 24. Nf3 dxe5 25. Qc6 Na4 26. O-O Rec8 27. Qd6 Nc3
28. Rde1 Rd8 29. Qc5 Rdc8 30. Qd6 Rd8 31. Qc5 Rdc8 1/2-1/2

[Event "III Open Costa Viola A"]
[Site "Sant'Eufemia d'Aspromonte ITA"]
[Date "2010.01.05"]
[Round "6"]
[White "Scerbo, Antonio"]
[Black "Forlano, Luigi"]
[Result "1-0"]
[WhiteElo "2093"]
[BlackElo "2011"]
[PlyCount "137"]
[EventDate "2010.01.02"]

1. d4 d5 2. Nf3 Nf6 3. c4 c6 4. Nc3 a6 5. e3 Bf5 6. Qb3 Ra7 7. Be2 h6 8. O-O e6
9. Rd1 Nbd7 10. Bd2 Bd6 11. Rac1 O-O 12. cxd5 exd5 13. Na4 Re8 14. Bb4 Bb8 15.
Nc5 Nf8 16. Qa4 a5 17. Be1 Ne4 18. Qb3 g5 19. g3 Qc8 20. Qb6 Nxc5 21. dxc5 Nd7
22. Qb3 Be4 23. Nd2 Ne5 24. f3 Bg6 25. Kg2 h5 26. Bf2 Bf5 27. Qc3 Qe6 28. Nb3
Bh3+ 29. Kg1 Qg6 30. Nd4 f5 31. Kh1 Kh7 32. Rg1 g4 33. f4 Nd7 34. Bd3 Re4 35.
Bxe4 fxe4 36. a3 Qf7 37. Ne2 Ne5 38. Rgd1 Bc7 39. Bg1 Qf5 40. Nd4 Qf6 41. b4
axb4 42. axb4 Ra2 43. Rc2 Rxc2 44. Qxc2 Nf3 45. Nxf3 gxf3 46. Rd2 f2 47. Rxf2
Bg4 48. Kg2 Qf5 49. Kf1 Bh3+ 50. Ke1 Qf6 51. Qb2 Qe6 52. Qd4 Bd8 53. Qe5 Qf7
54. f5 Bf6 55. Qe6 Qg7 56. Rf4 Bg4 57. Kd2 d4 58. exd4 Bg5 59. Be3 Bxf4 60.
gxf4 Bf3 61. f6 Qg2+ 62. Kc3 Bd1 63. Bd2 e3 64. Qxe3 Qd5 65. Qe7+ Kg6 66. Qg7+
Kf5 67. Qg5+ Ke6 68. f5+ Qxf5 69. Qxf5+ 1-0

[Event "III Open Costa Viola A"]
[Site "Sant'Eufemia d'Aspromonte ITA"]
[Date "2010.01.05"]
[Round "6"]
[White "Stromboli, Ettore"]
[Black "Rotunno, Giuseppe"]
[Result "1-0"]
[WhiteElo "2263"]
[BlackElo "2069"]
[PlyCount "99"]
[EventDate "2010.01.02"]

1. e4 d6 2. d4 g6 3. Nc3 Bg7 4. h3 Nf6 5. Nf3 O-O 6. Be3 c6 7. Qd2 Qa5 8. Bd3
Na6 9. O-O e5 10. Bh6 Nc7 11. Rab1 Ne6 12. b4 Qc7 13. Ne2 Re8 14. Bxg7 Kxg7 15.
dxe5 dxe5 16. Qc3 Nd7 17. Bc4 f6 18. Bxe6 Rxe6 19. Ng3 Nf8 20. Nh4 Re7 21. Qe3
Qb6 22. Qc1 Be6 23. Kh2 Bc4 24. Nhf5+ gxf5 25. Nxf5+ Kf7 26. Nd6+ Kg8 27. Nxc4
Qd4 28. Ne3 Qxe4 29. Ng4 Qg6 30. Rb3 Kh8 31. Rg3 Rg7 32. Rd1 Qf7 33. Rd6 Rg6
34. Qd2 Re8 35. Nh6 Qg7 36. Nf5 Qg8 37. Rxf6 Rxf6 38. Rxg8+ Kxg8 39. Qg5+ Kf7
40. Qh5+ Kg8 41. Qxe8 Rxf5 42. f3 Rf7 43. Qxe5 Ng6 44. Qb8+ Kg7 45. Qxa7 Nf4
46. Qd4+ Kg8 47. a4 Nd5 48. b5 Rf4 49. Qe5 Rc4 50. Qb8+ 1-0

[Event "III Open Costa Viola A"]
[Site "Sant'Eufemia d'Aspromonte ITA"]
[Date "2010.01.06"]
[Round "7"]
[White "Blasco, Domenico"]
[Black "Gad, Ahmad"]
[Result "0-1"]
[WhiteElo "1987"]
[BlackElo "1971"]
[PlyCount "94"]
[EventDate "2010.01.02"]

1. d4 f5 2. e4 fxe4 3. Nc3 Nf6 4. Bg5 Nc6 5. Bb5 d5 6. Bxf6 exf6 7. Qh5+ g6 8.
Qxd5 Qxd5 9. Nxd5 Kf7 10. Nxc7 Rb8 11. O-O-O Bd6 12. Bc4+ Kg7 13. Ne6+ Bxe6 14.
Bxe6 f5 15. Ne2 b5 16. g3 Kf6 17. Bb3 a5 18. c3 a4 19. Bc2 Rhc8 20. Kb1 Ne7 21.
a3 Nd5 22. Nc1 Rb7 23. Na2 Rbc7 24. Rd2 Rc6 25. Re1 R8c7 26. Bd1 Rb7 27. Be2
Bf8 28. Bf1 Re6 29. c4 bxc4 30. Bxc4 Rd6 31. Bxd5 Rxd5 32. Nc3 Rd8 33. Ka2 Rbd7
34. Nxa4 Rxd4 35. Rxd4 Rxd4 36. Nc3 Rd2 37. Re2 Rxe2 38. Nxe2 Bc5 39. b4 Bxf2
40. Kb3 Ke5 41. Kc4 g5 42. b5 f4 43. gxf4+ gxf4 44. a4 Bb6 45. Kb4 f3 46. Ng3
e3 47. a5 e2 0-1